| 000 | 01071cam a22003257a 4500 | ||
|---|---|---|---|
| 003 | CHAP | ||
| 005 | 20220329142739.0 | ||
| 008 | 030513d2002 us a r 00110 eng d | ||
| 010 | _a87193 | ||
| 011 | _a88165 | ||
| 020 | _a0849322057 | ||
| 035 | _a98710 | ||
| 040 | _cCHAP | ||
| 082 | 0 | 4 |
_a575.1 _bT3 |
| 100 | 0 | 0 |
_aTavantzis, Stellos M. _eed. _9111754 |
| 245 | 1 | 0 |
_adsRNA genetic elements : _bconcepts and applications in agriculture, forestry and medicine _c/ed. by Stellos M. Tavantzis |
| 260 |
_aBoca Raton : _bCRC Press, _c2002. |
||
| 300 |
_a284 p. : _bilus. |
||
| 590 |
_aBATCH-UPD _b10 _c20130110 _lUCH01 _h0511 |
||
| 590 |
_aBATCH-UPD _b10 _c20130110 _lUCH01 _h2232 |
||
| 590 |
_aBATCH-UPD _b10 _c20130410 _lUCH01 _h0149 |
||
| 590 |
_aBATCH-UPD _b10 _c20130913 _lUCH01 _h1907 |
||
| 590 |
_aCONVERSION _b10 _c20130109 _lUCH01 _h1348 |
||
| 650 | 1 | 4 |
_aAcido ribonucléico. _9597 |
| 650 | 1 | 4 |
_aGenética. _947469 |
| 901 | _aBK | ||
| 905 | _aAlejandra Carrasco M. | ||
| 942 | _cLIBRO | ||
| 949 |
_a575.1 T32 _bBC _cLIBRO _d33724000894812 _eLIBRO _h103613 _i98710 _si _t$ 1470.00 |
||
| 999 |
_c87193 _d87193 |
||